000 00655nam a2200205Ia 4500
003 GCL
008 140319s9999 xx 000 0 ara d
040 _aGCL /
_cGCL
082 0 4 _a190
_bهـ م
100 1 _aهابرماس، يورجن
245 1 0 _aالمعرفة والمصلحة /
_cهابرماس، يورجن
260 _aالقاهرة :
_bالمجلس الاعلى للثقافة ،
_c2002
300 _a312ص ؛
_c24 سم
650 0 4 _aالفلسفة العربية
650 0 4 _aالفلسفة الحديثة
650 0 4 _aالمعرفة
650 0 4 _aالاخلاق - علم
650 0 4 _aالفلسفة - مذاهب
942 _2ddc
_cBK
999 _c5548
_d5548